[Event "Wch U16"]
[Site "Kemer"]
[Date "2009.11.20"]
[Round "9"]
[White "Zhandarbekov, Bakberdi"]
[Black "Enslin, Stefan"]
[Result "0-1"]
[WhiteElo "2093"]
[BlackElo "1832"]
[PlyCount "49"]
[EventDate "2009.11.12"]
[EventType "swiss"]
[EventRounds "11"]
[EventCountry "TUR"]
[SourceTitle "EXT 2010"]
[Source "ChessBase"]
[SourceDate "2010.11.25"]
[SourceVersion "1"]
[SourceVersionDate "2010.11.25"]
[SourceQuality "1"]

1. d4 Nf6 2. c4 e6 3. Nc3 d5 4. Bg5 Nbd7 5. Nf3 c6 6. cxd5 exd5 7. e3 Be7 8. Bd3 0-0 9. 0-0 Re8 10. Qc2 Nf8 11. Rab1 Ne4 12. Bxe7 Qxe7 13. b4 Bg4 14. Nd2 f5 15. Ne2 Bxe2 16. Bxe2 f4 17. Nxe4 Qxe4 18. Bd3 Qe7 19. exf4 Qf6 20. Rfd1 Qxf4 21. b5 Qd6 22. bxc6 bxc6 23. Rb7 Ne6 24. Qa4 Nf4 25. g3 0-1

[Event "Wch U16"]
[Site "Kemer"]
[Date "2009.11.13"]
[Round "2"]
[White "Surujhlal, Divek"]
[Black "Zhandarbekov, Bakberdi"]
[Result "0-1"]
[WhiteElo "1706"]
[BlackElo "2093"]
[PlyCount "39"]
[EventDate "2009.11.12"]
[EventType "swiss"]
[EventRounds "11"]
[EventCountry "TUR"]
[SourceTitle "EXT 2010"]
[Source "ChessBase"]
[SourceDate "2010.11.25"]
[SourceVersion "1"]
[SourceVersionDate "2010.11.25"]
[SourceQuality "1"]

1. e4 c5 2. Nf3 Nc6 3. d4 cxd4 4. Nxd4 Nf6 5. Nc3 e5 6. Nxc6 bxc6 7. Bd3 Be7 8. 0-0 0-0 9. Kh1 d5 10. f4 Bd6 11. fxe5 Bxe5 12. Bg5 Be6 13. Qe1 d4 14. Ne2 h6 15. Bxf6 Bxf6 16. Ng3 Be5 17. Nf5 c5 18. b3 Rb8 19. Qh4 Qc7 20. Rf3 0-1